Nečekané dobrodružství draka Ilíka (Záznam č. 34237)

Podrobnosti MARC
000 -Návěští
Řídící pole kódované 24B 01918nam a2200349 i 4500
001 - Kontrolní číslo
Řídící pole proměnné nkc20253709964
003 - Identifikátor kontrolního čísla
Řídící pole proměnné CZ PrSKC
005 - Datum posledního zpracování
Řídící pole 16B 20260429105440.0
007 - Pole pevné délky pro fyzický popis
Řídící pole kódované ta
008 - Údaje pevné délky
Řídící pole kódované 40B 250930s2024 xr a b 000 j cze
020 ## - ISBN
ISBN 9788090927834
Dostupnost Kč 469,00
040 ## - Zdroj katalogizace-agentura
Agentura původní katalogizace ABG001
Jazyk katalogizace cze
Agentura upravující záznam OLA001
Použitá pravidla popisu rda
072 #7 - Kód předmětové kategorie - Konspekt
Předmětová kategorie 821.162.3-3
Zpřesnění předmětové kategorie Česká próza
Zdroj předmětové klasifikace Konspekt
072 #7 - Kód předmětové kategorie - Konspekt
Předmětová kategorie 821-93
Zpřesnění předmětové kategorie Literatura pro děti a mládež (beletrie)
Zdroj předmětové klasifikace Konspekt
080 ## - MDT
Klasifikační znak MDT 821.162.3-32
Idetifikátor vydání MDT MRF
080 ## - MDT
Klasifikační znak MDT 821-93
Idetifikátor vydání MDT MRF
080 ## - MDT
Klasifikační znak MDT (0:82-32)
Idetifikátor vydání MDT MRF
100 1# - Hlavní záhlaví - osobní jméno autora
Osobní jméno Tkáč, Jan,
Datumy související se jménem 1973-
Kód role aut
9 (RLIN) 20732
245 10 - Údaje o názvu
Název Nečekané dobrodružství draka Ilíka
Název části/sekce díla /Kroniky beskydských draků.
Údaj o odpovědností, atd. Jan Tkáč
246 30 - Variantní vázvy
Hlavní název/zkrácený název Nečekané dobrodružství draka Ilíka
250 ## - Údaje o vydání
Označení vydání Druhé vydání
264 #1 - Nakladatelské údaje
Místo vydání Ostrava :
Nakladatel Tajemné Beskydy,
Rok vydání 2024
300 ## - Fyzický popis
Rozsah 254 stran :
další fyzické údaje barevné ilustrace ;
Rozměry 22 cm
500 ## - Všeobecná poznámka
Text obecné poznámky Obsahuje QR kódy s přístupem k rozšiřujícím materiálům
520 2# - Anotace
Anotace, atd. Dobrodružství dráčka Ilíka odehrávající se v kulisách beskydské krajiny.
Rozšířený text anotace Ilík je malý jablunkovský drak. Se svou partou Dračí tajfun se snaží odhalit tajemství magických rohů, ale všechno se nečekaně zamotá a Ilík je vržen do ještě většího dobrodružství, než si vůbec dokázal představit. Náš malý drak se ocitá ztracen v Beskydech, daleko od domova. Při hledání cesty zpět zažívá dobrodružství, potkává nové přátele i čelí nebezpečím. Postupně odkrývá záhadnou minulost svého dračího rodu a jeho dávného nepřítele. Ilík musí sebrat odvahu a překonat sám sebe, aby ochránil nejen svou dračí osadu, ale možná i celé Beskydy před hrozbami, které se vynořují z temnot. Nakladatelská anotace. Kráceno.
655 #7 - Rejstříkový termín - žánr/forma
Žánr/forma či základní termín české příběhy
655 #7 - Rejstříkový termín - žánr/forma
Žánr/forma či základní termín publikace pro děti
655 #9 - Rejstříkový termín - žánr/forma
Žánr/forma či základní termín Czech stories
655 #9 - Rejstříkový termín - žánr/forma
Žánr/forma či základní termín children's literature
910 ## - Údaje o vlastníkovi jednotky (exempláře)
Sigla vlastníka jednotky ABG508
Jednotky
Stav ztráty Zdroj klasifikace pro skladování Stav poškození
  Universal Decimal Classification  

Používáme knihovní systém Koha